| 000 | 04350cam a22003974a 4500 | ||
|---|---|---|---|
| 999 |
_c41441 _d41441 |
||
| 001 | 14115069 | ||
| 003 | OSt | ||
| 005 | 20220106152551.0 | ||
| 008 | 050921s2006 fluaf b 001 0 eng | ||
| 010 | _a 2005054142 | ||
| 015 |
_aGBA598801 _2bnb |
||
| 016 | 7 |
_a013342830 _2Uk |
|
| 020 | _a0849320445 (alk. paper) | ||
| 020 | _a9780849320446 | ||
| 035 | _a(OCoLC)ocm61704838 | ||
| 040 |
_aDLC _cDLC _dUKM _dBAKER _dC#P _dP#O _dDLC |
||
| 042 | _apcc | ||
| 043 | _an-us--- | ||
| 050 | 0 | 0 |
_aHV8074 _b.S356 2006 |
| 082 | 0 | 0 |
_a363.2565 _222 _bKEL/F |
| 245 | 0 | 0 |
_aScientific examination of questioned documents / _cedited by Jan Seaman Kelly, Brian S. Lindblom. |
| 250 | _a2nd ed. | ||
| 260 |
_aBoca Raton, FL : _bCRC/Taylor & Francis, _c2006. |
||
| 300 |
_axviii, 441 p., [28] p. of plates : _bill. (some col.) ; _c27 cm. |
||
| 504 | _aIncludes bibliographical references and index. | ||
| 505 | 0 | _aAbout the editors/authors -- Contributors -- Preface -- Acknowledgments -- 1. Organization and content of book -- 2. What is forensic document examination -- 3. A forensic document examiners training -- 4. Care and handling of documents -- 5. Work notes -- 6. The Daubert era -- 7. Conclusions and guidelines for handwriting comparison -- 8. Identification of handwriting -- 9. Identification of signatures -- 10. Identification of hand printing and numerals -- 11. Disguise in hand printing and numerals -- 12. Preparation and collection of signatures and handwriting standards -- 13. Pens and pencils -- 14. Typography -- 15. Typewriters -- 16. The examination of computer-generated documents -- 17. Photocopiers -- 18. Facsimile machines -- 19. Manipulated photocopies, faxes, and computer-printed documents -- 20. Rubber stamps -- 21. Checkwriters -- 22. Staples -- 23. Conventional printing processes -- 24. Paper examinations -- 25. Carbonless paper -- 26. Accidental markings and indented writing on a document -- 27. Alterations in documents -- 28. Multi-faceted approach -- 29. The role of indentation analysis, offsetting, and transfer -- 30. Dating by materials: identification, comparison, and examination of changes -- 31. Cameras, scanners, and image enhancement -- 32. Conclusions and guidelines -- 33. Considerations in preparing for court -- 34. Demonstrative charts -- 35. Pretrial conference -- 36. Preparation for a Daubert hearing -- 37. The untrained document expert witness -- 38. The document examiners testimony in court -- Glossary -- Index. | |
| 520 | _aAn essential guide for the novice and the seasoned professional, this authoritative and comprehensive book is also an informative reference for the layperson who is interested in the subject. Featuring chapters written by several forensic document examination experts, this new edition is extensively revised to reflect post-1982 developments. Since that time, new avenues of written communication have emerged, as well as the proliferation of desktop computers and printers. Both of these factors have strongly impacted the nature of the examinations performed and the methodologies used. The book thoroughly explores the complexities involved in keeping current with these developments and does so, in some instances, aided by the presentation of a variety of documents and case studies. Discussion topics include infra-red exams, the use of computer hardware and software in document examination, and innovative chart making techniques. New chapters cover computer printer technologies, facsimiles, techniques for the detection of digitally manipulated documents and photocopies, ASTM standards for reporting conclusions along with advanced examination techniques. Updated chapters include expanded discussion of ESDA and other analytical tools, document dating, modern stamp making technology, and more. | ||
| 650 | 0 |
_aWriting _xIdentification. |
|
| 650 | 0 | _aForgery. | |
| 700 | 1 |
_aSeaman Kelly, Jan _99008 |
|
| 700 | 1 |
_aLindblom, Brian S. _99009 |
|
| 856 | 4 | 2 |
_3Publisher description _uhttp://www.loc.gov/catdir/enhancements/fy0646/2005054142-d.html |
| 906 |
_a7 _bcbc _corignew _d1 _eocip _f20 _gy-gencatlg |
||
| 942 |
_2ddc _cBK _h363.2565 _iKEL/S _k363.2565 _mKEL/S |
||